000 00677nam a22002295i 4500
001 172643
003 ES-MaACL
005 20231218182112.0
008 090805s1979 sp |||| | spa d
017 _aM 25961-1979
020 _a84-7444-023-8
080 _a821.134.2-31"19"
100 1 _aMontero, Rosa,
_d1951-
_982503
245 1 0 _aCrónica del desamor /
_cRosa Montero.
250 _a3ª ed.
260 _aMadrid :
_bDebate,
_c1979.
300 _a265 p. ;
_c18 cm.
490 1 _aDebate literatura
830 0 _aDebate literatura
_9181756
852 4 _aES-MaACL
_jE-12931
_9R.143500
_z. - Biblioteca Jacinto Martínez Lacalle
999 _c172643
_d172643